000 00437nam a2200169 i 4500
001 150322
003 ES-MaACL
005 20230906203448.0
007 t|
008 071029s1932 fr ||||1| fre d
100 1 _aVallès, Jules.
_9112879
245 1 3 _aUn gentilhomme /
_cJules Vallès.
250 _a6em. ed.
260 _aParis :
_b[s.n.],
_c1932 (
_fE. Grevin Lagny)
300 _a220 p. ;
_c19 cm.
852 _aES-MaACL
_jA-3357
999 _c150322
_d150322